000 01025cab a2200301 4500
001 ABS58283
008 090401t1998 xxu||||| |||| 00| 0 eng d
035 _a(Sirsi) u84171
041 _aeng
100 _aOsborn, N.
245 _aCompulsory purchase update
260 _c1998
350 _a0
490 _aSolicitors` Journal
_v142(5) 6 February 1998, 109-111(3)
520 _aA review of recent compulsory purchase case law. Covers relocation grants, blight notice, special procedure order, time limits and economic viability.
650 _aBLIGHT NOTICES
650 _aCHESTERFIELD PROPERTIES V SOS ENVIRONMENT
650 _aCompulsory purchase
_96228
650 _aECONOMIC VIABILITY
650 _aEQUIVALENT REINSTATEMENT
650 _aHILLINGDON LBC V ARC LTD
650 _aNORMAN V DOT
650 _aPREST V SOS WALES
650 _aTIME LIMITS
690 _aENVIRONMENTAL AND LAND CONSULTANCY-PLANNING AND DEVELOPMENT-COMPULSORY PURCHASE AND COMPENSATION
942 _n0
948 _c10/02/1998
999 _c52889
_d52889